Online
Catalog

Coleccionismo y billetes dominicanos : (Record no. 29647)

MARC details
000 -CABECERA
campo de control de longitud fija 01112nam a2200265 a 4500
001 - NÚMERO DE CONTROL
campo de control 000030155
005 - FECHA Y HORA DE LA ÚLTIMA TRANSACCIÓN
campo de control 20240228184147.0
008 - DATOS DE LONGITUD FIJA--INFORMACIÓN GENERAL
campo de control de longitud fija 110503s2011 dr a 001 0 spa d
020 ## - NÚMERO INTERNACIONAL ESTÁNDAR DEL LIBRO
Número Internacional Estándar del Libro 9789945443417
040 ## - FUENTE DE LA CATALOGACIÓN
Centro catalogador/agencia de origen DO-SdBNP
Lengua de catalogación spa
Centro/agencia transcriptor BNPHU
082 ## - NÚMERO DE LA CLASIFICACIÓN DECIMAL DEWEY
Número de clasificación 737.497293
Número de documento/Ítem M149co
100 1# - ENTRADA PRINCIPAL--NOMBRE DE PERSONA
Nombre de persona Machado de Sosa, Sinthia,
Fechas asociadas al nombre 1950-
9 (RLIN) 56866
245 10 - MENCIÓN DE TÍTULO
Título Coleccionismo y billetes dominicanos :
Resto del título 1947-2009 /
Mención de responsabilidad, etc. Sinthia Machado de Sosa ; presentación Héctor Valdez Albizu.
260 ## - PUBLICACIÓN, DISTRIBUCIÓN, ETC.
Lugar de publicación, distribución, etc. Santo Domingo :
Nombre del editor, distribuidor, etc. Banco Central de la República Dominicana,
Fecha de publicación, distribución, etc. 2011.
300 ## - DESCRIPCIÓN FÍSICA
Extensión 153 p. :
Otras características físicas il. ;
Dimensiones 28 cm.
490 1# - MENCIÓN DE SERIE
Mención de serie Banco Central de la República Dominicana
Designación de volumen o secuencia 113
490 1# - MENCIÓN DE SERIE
Mención de serie Numismática y Filatélica
Designación de volumen o secuencia 11
504 ## - NOTA DE BIBLIOGRAFÍA, ETC.
Nota de bibliografía, etc. Bibliografía : p. 153
590 ## - NOTA LOCAL (RLIN)
Nota local Inventariado, 2018/LP
650 #4 - PUNTO DE ACCESO ADICIONAL DE MATERIA--TÉRMINO DE MATERIA
Término de materia o nombre geográfico como elemento de entrada Billetes de banco
Subdivisión geográfica República Dominicana
Subdivisión general Coleccionistas y colecciones
9 (RLIN) 56867
650 #4 - PUNTO DE ACCESO ADICIONAL DE MATERIA--TÉRMINO DE MATERIA
Término de materia o nombre geográfico como elemento de entrada Papel moneda
Subdivisión general Colecciones
9 (RLIN) 56868
700 1# - PUNTO DE ACCESO ADICIONAL--NOMBRE DE PERSONA
Nombre de persona Valdez Albizu, Héctor,
Fechas asociadas al nombre 1947-
9 (RLIN) 12322
830 #0 - PUNTO DE ACCESO ADICIONAL DE SERIE-TÍTULO UNIFORME
Título uniforme Banco Central de la República Dominicana ;
Designación de volumen o secuencia 113
Nombre de parte o sección de la obra Numismática y Filatélica ;
Número de parte o sección de la obra 11
9 (RLIN) 56869
910 ## - DATOS DE OPCIÓN DEL USUARIO (OCLC)
Datos de opción del usuario Validado. Control de calidad EMS.
Holdings
Estado de retiro Estado de pérdida No para préstamo Código de colección Localización permanente Ubicación/localización actual Ubicación en estantería Fecha de adquisición Número de inventario Total de préstamos Signatura topográfica completa Código de barras Fecha visto por última vez Precio válido a partir de Tipo de ítem Koha Número de copia Restricciones de uso
    Excluido de préstamo Patrimonio Dominicano Patrimonio Dominicano Patrimonio Dominicano Depósito 03.05.2011 LF1   737.497293 M149co 30155-10 25.06.2020 25.06.2020 Libro y Folleto Colección Patrimonio Dominicano    
    Excluido de préstamo Patrimonio Dominicano Patrimonio Dominicano Patrimonio Dominicano Depósito 03.05.2011 LF1   737.497293 M149co 30155-20 25.06.2020 25.06.2020 Libro y Folleto Colección Patrimonio Dominicano e. 2  
      Dominicana de Servicio Patrimonio Dominicano Patrimonio Dominicano Depósito 03.05.2011 LF1   737.497293 M149co 30155-30 25.06.2020 25.06.2020 Libro y Folleto Colección Dominicana de Servicio e. 3  
      Dominicana de Servicio Patrimonio Dominicano Patrimonio Dominicano Depósito 21.06.2018 LF1   737.497293 M149co 30155-40 25.06.2020 25.06.2020 Libro y Folleto Colección Dominicana de Servicio e, 4  
      Dominicana de Servicio Patrimonio Dominicano Patrimonio Dominicano Depósito 23.05.2019 LF1   737.497293 M149co 30155-50 25.06.2020 25.06.2020 Libro y Folleto Colección Dominicana de Servicio e. 5  

Powered by Koha